000 00486nam a2200193 a 4500
001 1771588832152
003 YourLibrary
005 20260220173229.0
008 260220s2007##################000#0#eng##
020 _a9781403913234
082 0 4 _a320.15
_bPRO
100 1 _aProkhovnik, Raia,
_eauthor.
245 1 0 _aSovereignties :
260 _bPalgrave MacMillan,
_c2007.
300 _a280 pages
650 0 _aHistory.
942 _cENGLISH
040 _aYourLibrary
_beng
_cYourLibrary
999 _c614620
_d614620